Taylor Swift - Chansons les plus streamés de Evermore - Statistiques

Statistiques générales
  • Ce quiz a été pris 201 fois
  • Le résultat moyen est 9 sur 17
Statistiques - réponses
Hint Réponse % Correct
443M Willow
96%
254M Champagne Problems
95%
142M Gold Rush
67%
113M Tolerate It
64%
141M No Body, No Crime
55%
77M Marjorie
53%
101M Ivy
52%
119M 'Tis the Damn Season
51%
101M Evermore
50%
62M Closure
45%
82M Dorothea
43%
44M It's Time To Go
43%
94M Right Where You Left Me
42%
95M Happiness
40%
83M Cowboy like Me
38%
89M Coney Island
36%
95M Long Story Short
35%
Aucun quiz correspondant
Distribution des résultats
% des personnes avec chaque résultat
Percentile par nombre de réponses
Votre historique - résultats
Vous n’avez pas pris ce quiz